Protein Engineering & Design (Record no. 23228)

000 -LEADER
fixed length control field 00290nam a22001217a 4500
020 ## - INTERNATIONAL STANDARD BOOK NUMBER
International Standard Book Number 9781420076585
082 ## - DEWEY DECIMAL CLASSIFICATION NUMBER
Classification number 660.63PAR
100 ## - MAIN ENTRY--PERSONAL NAME
Personal name Sheldon J.Park
245 ## - TITLE STATEMENT
Title Protein Engineering & Design
260 ## - PUBLICATION, DISTRIBUTION, ETC.
Place of publication, distribution, etc. America
Name of publisher, distributor, etc. CRC Press Taylor & Francis Group
Date of publication, distribution, etc. 2010
300 ## - PHYSICAL DESCRIPTION
Extent 402
Other physical details HB
942 ## - ADDED ENTRY ELEMENTS (KOHA)
Koha item type Book
Holdings
Withdrawn status Lost status Damaged status Not for loan Permanent Location Current Location Shelving location Date acquired Source of acquisition Cost, normal purchase price Total Checkouts Full call number Barcode Date last seen Date last checked out Price effective from Koha item type
        Central Library (CL) Central Library (CL)   03/06/2013 Eagle Information Marketing 1555.00 1 660.63PAR RCMS002261 09/26/2014 09/26/2014 03/06/2013 Book
© 2023 Central Library, National University of Sciences and Technology. All Rights Reserved.